[Event "Høstturneringen 2017"]
[Site "Ås, Akershus NOR"]
[Date "2017.09.21"]
[Round "3"]
[White "Johnson, David"]
[Black "Bakken, Svein-Erik"]
[Result "0-1"]
[WhiteElo "1452"]
[BlackElo "1363"]
[PlyCount "107"]
[EventDate "2017.08.31"]

1. e4 c5 2. Nf3 Nc6 3. d4 cxd4 4. Nxd4 a6 5. Bc4 e6 6. Nc3 Qc7 7. O-O Nf6 8. f4
Nxd4 9. Bd3 (9. Qxd4 $4 Bc5 $19) 9... d6 10. Be3 Nc6 11. f5 exf5 12. exf5 Be7
13. Na4 b5 14. Nb6 Rb8 15. Nxc8 Rxc8 16. a4 bxa4 17. Rxa4 Ra8 18. Rxa6 Rxa6 19.
Bxa6 O-O 20. b3 Nb4 21. Bc4 d5 22. Bd3 Nxd3 23. Qxd3 Bc5 24. h3 Bxe3+ 25. Qxe3
Qxc2 26. b4 Rb8 27. Qa7 Qc8 28. Rb1 Qb7 29. Qa4 Qb5 30. Qa3 h6 31. Qf3 Qc4 32.
Qa3 Ne4 33. Qa7 Rxb4 34. Qa8+ Kh7 35. Rxb4 Qxb4 36. Qxd5 Qc5+ 37. Qxc5 Nxc5 38.
Kf2 h5 39. Kf3 Kh6 40. h4 g5 41. fxg6 Kxg6 42. g4 hxg4+ 43. Kxg4 f5+ 44. Kf3
Ne6 45. Kg3 Kh5 46. Kh3 f4 47. Kg2 Kxh4 48. Kf3 Kg5 49. Kf2 Kg4 50. Kg2 f3+ 51.
Kf1 Kg3 52. Kg1 f2+ 53. Kf1 Ng5 54. Ke2 0-1

[Event "Høstturneringen 2017"]
[Site "Ås, Akershus NOR"]
[Date "2017.10.05"]
[Round "3"]
[White "Midtgard, Anders"]
[Black "Moberg, Jan Rune"]
[Result "1-0"]
[WhiteElo "1185"]
[BlackElo "1520"]
[Annotator "Lea, Per"]
[PlyCount "79"]
[EventDate "2017.08.31"]

1. e4 Nf6 2. e5 Ng8 {Før partiet pratet jeg litt med hvitspilleren og spurte
om han hadde forberedt seg til partiet. Det hadde han, men jeg sa også at med
Jan Rune vet man aldri, han kan finne på "hva som helst". Og det må vi kunne
si at han gjør her. Men hvis noen tror dette er en gal manns verk, og at ingen
noensinne har spilt sånn, så er det helt feil: i følge ChessBase her varianten
forekommet 59 ganger, og ikke med hvem-som-helst med kontroll over de svarte
brikkene: Fressinet - Carlsen fra lynsjakk-VM 2014 rinner raskt i hu.} 3. d4 d5
({Her valgte verdensmesteren} 3... d6 4. Nf3 c6 5. h3 Bf5 6. Bd3 Bxd3 7. Qxd3
dxe5 8. Nxe5 Nd7 9. Bf4 Ngf6 10. Nc3 Nxe5 11. Bxe5 e6 12. O-O-O Be7 13. Kb1 O-O
14. Qg3 Nh5 15. Qf3 Nf6 16. h4 Nd7 17. Ne4 Qa5 18. Qg3 Nxe5 19. dxe5 Rad8 20.
Nd6 Bxd6 21. Rxd6 Rxd6 22. exd6 Rd8 23. Rd1 Rd7 24. b3 h6 25. Qf4 Qc5 26. g3 f6
27. Rd3 Kf7 28. Qd2 e5 29. Rc3 Qb4 30. Kb2 Rxd6 31. Qe2 Qd4 32. Qh5+ Kf8 33.
Qf5 b5 34. a3 Kg8 35. b4 Kf7 36. Qc8 h5 37. Qf5 Qg4 38. Qxg4 hxg4 39. Kc1 Ke6
40. a4 a6 41. a5 Kd7 42. Re3 Rd5 43. c3 c5 44. Kc2 c4 45. Re4 f5 46. Re3 Ke6
47. Kc1 Rd3 48. Kc2 Rxe3 49. fxe3 Kd5 50. Kd2 {0-1}) 4. f4 Bf5 5. Bd3 Bxd3 6.
Qxd3 e6 7. Qb5+ Nd7 8. Qxb7 c5 9. c3 Ne7 10. Qb3 Nc6 11. Nf3 Be7 {Hvit har vel
ikke fått allverden ut av åpningen; merbonden til tross gir Stockfish 8 bare
marginal fordel} 12. O-O O-O 13. Be3 Rb8 14. Qc2 Qb6 15. b3 Rfc8 16. Qd3 a5 17.
Nbd2 cxd4 18. Nxd4 Nxd4 19. Bxd4 Bc5 20. Kh1 Qc6 21. Rf3 g6 22. Rb1 Bf8 {
Stockfish påstår dette er en bukk - og angir nettopp hvits svartrekk som den
beste fortsettelsen. Har vi her klubbens i øyeblikket desidert grovest
underratede spiller i aksjon?} ({Siden svart tråkket i verdensmesterens
fotspor i trekk 2, kunne han også gjort det her: kast randbøndene framover!} 
22... a4) 23. g4 Nc5 24. Qe3 Rb7 25. Rbf1 Re8 26. f5 exf5 (26... Ne4 27. Nxe4
dxe4 28. Rf4 Rc8 29. Qxe4 Qxe4+ 30. Rxe4 {yter kanskje litt mer motstand, men
hvit står klart best med sine to merbønder}) 27. gxf5 Ne4 28. Nxe4 dxe4 29. Rf4
Bg7 30. Qxe4 Qxe4+ 31. Rxe4 Rbe7 $4 {Hvit er i tidsnød, men svart bukker
offiser med nesten 80 minutter på klokka. Av og til skjer det rare ting på
sjakkbrettet...} ({Å innrømme feiltrekket og bare gå tilbake med løperen er
kanskje det beste:} 31... Bf8 32. e6 fxe6 33. fxg6 hxg6 34. Rf6 {men også her
står hvit knusende}) 32. f6 Bxf6 33. Rxf6 Kg7 34. h4 h5 35. e6 Kh7 (35... Kh6 {
holder ut litt lenger}) 36. Rxf7+ Kg8 37. Rxe7 Rxe7 38. Bc5 Re8 39. e7 Kf7 40.
Rf4+ {Svart hadde fått nok og ga opp den håpløse kampen.} 1-0

[Event "Høstturneringen 2017"]
[Site "Ås, Akershus NOR"]
[Date "2017.09.21"]
[Round "3"]
[White "Thowsen, Alf Geir"]
[Black "Kielland-Lund, Jon"]
[Result "0-1"]
[WhiteElo "1185"]
[BlackElo "1502"]
[PlyCount "70"]
[EventDate "2017.08.31"]

1. Nf3 d5 2. e3 c5 3. c4 e6 4. d4 Nf6 5. Nc3 b6 6. Bd3 dxc4 7. Bxc4 Bb7 8. O-O
Be7 9. Re1 O-O 10. e4 cxd4 11. Nxd4 Qc8 12. Qb3 Nc6 13. Nxe6 Na5 14. Qd1 fxe6
15. Bd3 e5 16. Re3 Bc5 17. Rg3 Bxf2+ 18. Kxf2 Nxe4+ 19. Kg1 Nxg3 20. hxg3 Qc6
21. Qe2 Qf6 22. Bd2 Nc6 23. Qe3 Rad8 24. Ne4 Qe7 25. Ng5 Qc5 26. Qxc5 bxc5 27.
Bc4+ Kh8 28. Bc3 Nd4 29. Nf7+ Rxf7 30. Bxf7 Ne2+ 31. Kh2 Nxc3 32. bxc3 g6 33.
c4 Rd2 34. Rb1 Bxg2 35. Rb8+ Kg7 0-1

[Event "Høstturneringen 2017"]
[Site "Ås, Akershus NOR"]
[Date "2017.09.21"]
[Round "3"]
[White "Lea, Per"]
[Black "Samset, Jon"]
[Result "1-0"]
[WhiteElo "1470"]
[BlackElo "1103"]
[Annotator "Lea, Per"]
[PlyCount "77"]
[EventDate "2017.08.31"]

1. e4 e5 2. Nf3 Nc6 3. Bb5 f5 {Jänisch-gambit. Ikke helt stuerent, men kan gi
hvit kraftig hodepine når svart er godt forberedt} 4. Nc3 fxe4 5. Nxe4 d5 6.
Nxe5 Bd7 $4 (6... dxe4 7. Nxc6 (7. Qh5+ g6 8. Nxg6 hxg6 9. Qxh8 Be6 10. Bxc6+
bxc6 {regnes for å være bedre for svart, men personlig synes jeg de svarte
bøndene bærer preg av å være et produkt av en nybegynners mislykkete forsøk...}
) 7... Qg5 $1 8. Qe2 Nf6 9. f4 Qh4+ 10. g3 Qh3 11. Nxa7+ Bd7 12. Bxd7+ Qxd7 13.
Nb5 c6 14. Nc3 O-O-O 15. O-O Bc5+ 16. Kg2 Rhe8 17. Rd1 $4 {Kaster all fordelen
overbord.} (17. a4 {med angrep på dronningfløyen var den riktige planen}) 17...
Ng4 {og svart vant etter ytterligere 10 trekk (Per Lea-Roald Berthelsen,
Sverre Halvorsens Minneturnering, 1979 (postsjakk))}) 7. Qh5+ g6 8. Nxg6 hxg6
9. Qxh8 {Naturlig og fristende, men svart får motspill} (9. Qxg6+ Ke7 10. d4 $1
Bh6 11. Bxh6 Rxh6 12. Qg7+ Ke8 (12... Ke6 $2 13. Nc5+ Kd6 14. Nxb7+ {er enda
mer håpløst}) 13. Qxg8+ Ke7 14. Qg5+ Ke8 15. Qxh6) 9... Qe7 ({Bedre er} 9...
dxe4 10. Qxg8 Qf6 11. Qd5 O-O-O 12. Bxc6 (12. O-O Bf5 13. Qc4 Nd4 14. c3 Nf3+
15. gxf3 Bd6 {er en katstrofe for hvit}) 12... Bxc6 13. Qc4 Bd6) 10. Qxg8 $4 {
Tapstrekk!} (10. O-O Kf7 11. Qh7+ Bg7 12. Nc3 {og hvit står klart best}) 10...
Qxe4+ 11. Kf1 (11. Kd1 $4 Bg4+ 12. f3 Bxf3+ 13. gxf3 Qxf3+ 14. Ke1 Qxh1+ 15.
Ke2 Qxh2+ 16. Kf1 Qh1+ (16... O-O-O) 17. Kf2 O-O-O 18. Qe6+ Kb8 19. Bxc6 Bc5+ {
med forsert matt}) 11... O-O-O $2 {Ser fornuftig ut ("Få brikkene i spill!")} (
11... Qxc2 {ser ut som et simpelt bonderov, men truer matt på d1!} 12. Kg1 Ne7
13. Qh8 Bxb5 14. h4 {og svart bør vinne greit}) 12. d3 {og dermed er hvits
problemer stort sett løst} Qf5 13. Qh7 Nd4 $2 (13... Bc5 14. Qh4 Rf8 15. Bxc6
Qxf2+ 16. Qxf2 Rxf2+ 17. Ke1 bxc6 18. b4 Bb6 19. Bd2 Rxg2 {og svart har en
bonde for kvaliteten}) 14. Bxd7+ Rxd7 15. Qh3 Qf7 16. c3 Nf5 17. d4 Re7 18. Bd2
Qf6 19. Re1 Rxe1+ (19... Qa6+ 20. c4 (20. Kg1 Rxe1+ 21. Bxe1 Qe2 22. g3 $11)
20... Qxc4+ 21. Kg1 Rxe1+ 22. Bxe1 Qe2 23. Qc3 {og hvit bør klare seg}) 20.
Kxe1 Bg7 21. Kd1 b6 22. g4 Nxd4 $2 (22... Nd6 {blir ikke dronningtap allikevel:
} 23. g5+ Qf5) 23. cxd4 Qxd4 24. Re1 Qxf2 25. g5+ Kb7 26. Qd3 Qf7 27. Bc3 Bf8
28. Rf1 Qg8 29. Rf6 Be7 30. Rxg6 Qf7 31. h4 Bc5 32. h5 a6 33. h6 d4 34. h7 dxc3
35. h8=Q c2+ 36. Kxc2 Qf2+ 37. Kc3 a5 38. Qd5+ Ka6 39. Qha8+ 1-0

[Event "Høstturneringen 2017"]
[Site "Ås, Akershus NOR"]
[Date "2017.09.21"]
[Round "3"]
[White "Lange, Magnus Øyvind"]
[Black "Olsen, Trygve"]
[Result "1-0"]
[WhiteElo "911"]
[BlackElo "1271"]
[Annotator "Lea, Per"]
[PlyCount "105"]
[EventDate "2017.08.31"]

1. e4 e5 2. Nf3 Nc6 3. Bc4 Be7 4. O-O Nf6 5. c3 $2 {Hvit glemmer at bonden på
e4 henger.} ({Det banale} 5. Re1) ({eller det aggressive} 5. d4 {er naturlige
alternativer}) 5... Nxe4 6. Re1 d5 7. Bd3 Nc5 8. Bc2 e4 9. Nd4 Nxd4 (9... Ne5
10. Re3 Ncd3 11. Bxd3 Nxd3 {er særdeles ubehagelig for hvit}) 10. cxd4 Nd3 11.
Re3 Bg5 12. Re2 O-O 13. Nc3 Bg4 14. f3 exf3 15. gxf3 Bxf3 16. Bxd3 Qf6 17. Rf2
Qxd4 $4 {Fra nesten vinststilling til tapsstilling i ett trekk...} (17... Bxd1
18. Rxf6 Bxf6 19. Nxd1 Bxd4+ {med tårn og 3 bønder mot 2 lette offiserer,
pluss bedre utvikling}) 18. Qxf3 {Plustelig har hvit 2 lette offiserer mot 3
bønder. Selv om svart er bedre utviklet og hvit har en luftig kongestilling,
er det hvit som bør vinne.} Rae8 19. Qf5 g6 20. Qxd5 Re1+ 21. Bf1 Qxd5 22. Nxd5
c6 23. Ne3 Re8 24. Re2 Rxe2 25. Bxe2 Bh6 26. Ng4 Bg7 27. Bc4 Re4 28. Ne3 b5 29.
d3 Re7 30. Bb3 Bd4 31. Kf2 Kg7 32. Rb1 f5 33. Kf3 Kf6 34. Nc2 Bb6 35. h4 Rd7
36. Bg5+ Kg7 37. Re1 Rxd3+ 38. Kg2 Bc5 39. Re8 Bf8 40. Bh6+ Kxh6 41. Rxf8 Kh5
42. Rh8 h6 43. Ne1 Rd2+ 44. Kg3 a5 45. Rg8 Rd4 46. Nf3 f4+ 47. Kg2 Rd6 48. Bf7
a4 49. Ne5 ({Svart klarer ikke en gang å ofre seg ut av dette mattnettet:} 49.
Rxg6 $3 Rxg6+ 50. Kh3 c5 51. Ne5 c4 52. Bxg6#) 49... c5 50. Kh3 f3 51. Nxf3 {
Bonden var ufarlig} ({Både} 51. Nxg6) ({og} 51. Rxg6 {er matt i neste}) 51...
Rf6 52. Ne5 Rxf7 53. Nxf7 {Svart kan ikke komme unna mattnettet} 1-0

[Event "Høstturneringen 2017"]
[Site "Ås, Akershus NOR"]
[Date "2017.09.28"]
[Round "4"]
[White "Bakken, Svein-Erik"]
[Black "Furnes, Torstein"]
[Result "0-1"]
[WhiteElo "1363"]
[BlackElo "1583"]
[Annotator "Furnes, Torstein"]
[PlyCount "88"]
[EventDate "2017.08.31"]

1. d4 d5 2. c4 e6 3. Nc3 Nf6 4. Nf3 Be7 5. Bg5 O-O 6. e3 h6 7. Bh4 b6 8. cxd5
Nxd5 9. Bg3 Bb7 10. Be2 Nd7 11. O-O N7f6 $146 {Dette springertrekket er ikke
tidligere spilt hos ChessBase. Der fortsetter de fleste partiene med 11.-c5.}
12. h3 {Kanskje en liten unøyaktighet. Svart får nå laget svekkelser i hvits
bondestruktur, og hvit mister løperparet.} Nxc3 13. bxc3 Ne4 14. Qc2 Nxg3 15.
fxg3 Bd6 16. g4 c5 17. Rad1 cxd4 18. Nxd4 {Det hadde muligens vært litt bedre
å slå tilbake med c- eller e-bonden, for å unngå isolerte bønder.} Qg5 19. Qc1
Qe5 20. Nf3 Qg3 21. Rd4 Bc5 22. Qe1 Qxe1 23. Rxe1 Bxd4 24. cxd4 Rac8 25. Ne5
Rc2 26. Bc4 Rxg2+ 27. Kf1 Rh2 28. e4 Rh1+ 29. Kf2 Rxe1 30. Kxe1 Bxe4 31. Ke2
Rd8 32. Ke3 Bd5 33. Bxd5 Rxd5 34. Nc6 Rd7 35. Ke4 Kf8 36. h4 Ke8 37. Ke5 Rd5+
38. Ke4 a6 39. a3 Rb5 40. a4 Rb1 41. Nb8 a5 42. Ke5 Rb4 ({Raskeste vinst er} 
42... b5 43. Nc6 (43. axb5 Rxb5+ 44. Kd6 Rxb8) 43... bxa4) 43. d5 exd5 44. Kxd5
Rxa4 0-1

[Event "Høstturneringen 2017"]
[Site "Ås, Akershus NOR"]
[Date "2017.09.28"]
[Round "4"]
[White "Kielland-Lund, Jon"]
[Black "Midtgard, Anders"]
[Result "0-1"]
[WhiteElo "1502"]
[BlackElo "1185"]
[PlyCount "84"]
[EventDate "2017.08.31"]

1. c4 g6 2. Nc3 Bg7 3. d4 Nf6 4. e4 d6 5. Nf3 O-O 6. Be2 Na6 7. O-O e5 8. dxe5
dxe5 9. Qxd8 Rxd8 10. Bg5 h6 11. Bxf6 Bxf6 12. Nd5 Bg7 13. Ne7+ Kf8 14. Nxc8
Raxc8 15. Rad1 Nc5 16. Nd2 Rd4 17. Nb3 Nxb3 18. axb3 Rxe4 19. Bf3 Rd4 20. Rxd4
exd4 21. Be4 f5 22. Bd3 a5 23. Re1 Re8 24. Rxe8+ Kxe8 25. f4 Ke7 26. Kf2 b6 27.
h3 Ke6 28. h4 Bf6 29. g3 g5 30. fxg5 hxg5 31. h5 g4 32. h6 Ke5 33. h7 Bg7 34.
Ke2 Kf6 35. Bc2 Kg5 36. Bd3 f4 37. Kf2 Be5 38. gxf4+ Kxf4 39. Bc2 g3+ 40. Kg2
Ke3 41. h8=Q Bxh8 42. Kxg3 d3 0-1

[Event "Høstturneringen 2017"]
[Site "Ås, Akershus NOR"]
[Date "2017.09.28"]
[Round "4"]
[White "Moberg, Jan Rune"]
[Black "Heien, Aksel"]
[Result "1-0"]
[WhiteElo "1520"]
[BlackElo "955"]
[PlyCount "41"]
[EventDate "2017.08.31"]

1. e4 e5 2. f4 d5 3. exd5 e4 4. d4 Nf6 5. c4 Ng4 6. g3 e3 7. Nh3 Bb4+ 8. Nc3
Bxc3+ 9. bxc3 Qe7 10. Be2 Qe4 11. O-O h5 12. Ng5 Qe7 13. a4 Bf5 14. Ba3 Qd7 15.
Nf3 Na6 16. Ne5 Nf2 17. Rxf2 exf2+ 18. Kxf2 Qc8 19. Bxh5 g6 20. Qe2 gxh5 21.
Ng6+ 1-0

[Event "Høstturneringen 2017"]
[Site "Ås, Akershus NOR"]
[Date "2017.09.28"]
[Round "4"]
[White "Samset, Jon"]
[Black "Thowsen, Alf Geir"]
[Result "1-0"]
[WhiteElo "1103"]
[BlackElo "1185"]
[PlyCount "99"]
[EventDate "2017.08.31"]

1. Nf3 d5 2. d4 Nf6 3. g3 g6 4. Bg2 Bg7 5. O-O O-O 6. a3 b6 7. Bg5 Bb7 8. Nbd2
Nbd7 9. Ne5 Nxe5 10. dxe5 Nd7 11. f4 f6 12. exf6 exf6 13. Bh4 Nc5 14. g4 Qd6
15. e3 f5 16. b4 Na4 17. Nc4 dxc4 18. Bxb7 Rab8 19. Bd5+ Kh8 20. Bxc4 Qxd1 21.
Raxd1 Nc3 22. Rd7 Rbe8 23. Be7 Ne4 24. Bxf8 Rxf8 25. gxf5 gxf5 26. Kh1 Rf6 27.
Rd8+ Bf8 28. Ba2 h5 29. Re1 Kh7 30. Rd7+ Kh6 31. Bg8 Nf2+ 32. Kg2 Rg6+ 33. Kxf2
Rxg8 34. Rxc7 a5 35. Rc6+ Kh7 36. Rg1 Rxg1 37. Kxg1 axb4 38. axb4 Bxb4 39. Rxb6
Bc5 40. Re6 Kg7 41. Re5 Bb6 42. c4 Kf6 43. c5 Bc7 44. Rd5 Ke6 45. Rd1 h4 46. h3
Bb8 47. Rd8 Bc7 48. Rh8 Kd5 49. Rxh4 Ke4 50. Kf2 1-0

[Event "Høstturneringen 2017"]
[Site "Ås, Akershus NOR"]
[Date "2017.09.28"]
[Round "4"]
[White "Olsen, Trygve"]
[Black "Simonsen, Steinar"]
[Result "1-0"]
[WhiteElo "1271"]
[BlackElo "1208"]
[Annotator "Lea, Per"]
[PlyCount "131"]
[EventDate "2017.08.31"]

1. f4 Nf6 2. d4 g6 3. e3 Bg7 4. Nf3 O-O 5. f5 d5 6. fxg6 fxg6 7. Be2 Nc6 8. O-O
Qd6 9. c4 e6 10. c5 Qe7 11. b3 e5 12. Ba3 Ng4 13. Qd2 exd4 14. exd4 Qe3+ 15.
Kh1 Qxd2 16. Nbxd2 Ne3 17. Rac1 (17. Rfc1 Nxd4 18. Nxd4 Bxd4 19. Rab1 Rf2 $19 (
19... Bf5 20. c6 Rfb8 (20... bxc6 21. Bxf8) 21. cxb7 Rxb7 22. Bb2 Bb6 23. Ra1
$19)) 17... Nxf1 18. Nxf1 Bg4 19. h3 Bxf3 20. Bxf3 Rad8 21. Ne3 Nxd4 22. Bxd5+
Kh8 23. Bxb7 c6 24. Bb2 Kg8 25. Ba6 Bh6 26. Bc4+ Kh8 27. Re1 Rfe8 28. Bc1 Bxe3
29. Rxe3 Rxe3 30. Bxe3 Kg7 31. Bf4 Kf6 32. h4 Kf5 33. Bg5 Re8 34. Bd3+ Ke5 35.
h5 gxh5 36. Bxh7 Kd5 37. b4 Kc4 38. Bg6 Re5 39. Bf6 Re1+ 40. Kh2 Ne6 41. Bh4
Ra1 42. Bxh5 Rxa2 43. Bf7 Kd5 44. Bh5 Rb2 45. Bf3+ Kc4 46. Bxc6 Rxb4 47. Be7
Nxc5 48. g4 a5 49. g5 a4 50. Be8 a3 51. g6 Rb2+ 52. Kh3 a2 53. g7 Rb3+ 54. Kh4
a1=Q 55. g8=Q+ Kb4 56. Bxc5+ Kxc5 57. Qxb3 {I følge Nalimov-databasen er dette
remis.} Qh8+ 58. Bh5 {Her gir Stockfish 8 fordel for hvit, men Nalimov sier
fremdeles at det er remis.} Qd4+ 59. Kh3 Qd7+ 60. Bg4 Qh7+ 61. Kg2 Qe4+ 62. Bf3
Qg6+ 63. Kf2 Qf5 64. Qc3+ Kd6 65. Qc6+ Ke5 66. Ke2 {Svart har hele tiden gjort
korrekte trekk i følge Nalimov, men tapte på tid her. Alle trekk, bortsett fra
slike som setter dronninga i slag, holder remis i sluttstillingen.} 1-0

[Event "Høstturneringen 2017"]
[Site "Ås, Akershus NOR"]
[Date "2017.10.08"]
[Round "4"]
[White "Bø, Martin"]
[Black "Johnson, David"]
[Result "0-1"]
[WhiteElo "1471"]
[BlackElo "1452"]
[PlyCount "40"]
[EventDate "2017.08.31"]

1. d4 Nf6 2. c4 e5 3. dxe5 Ng4 4. Nf3 Bc5 5. e3 Nc6 6. a3 a5 7. b3 Qe7 8. Be2
O-O 9. Bb2 Ngxe5 10. Nxe5 Nxe5 11. O-O Ra6 12. Nd2 Rh6 13. Ne4 Ba7 14. Qd5 d6
15. Qxa5 Bb6 16. Qc3 Qh4 17. f4 Qxh2+ 18. Kf2 Qxf4+ 19. Bf3 Ng4+ 20. Ke2 Qxe3+
0-1

[Event "Høstturneringen 2017"]
[Site "Ås, Akershus NOR"]
[Date "2017.10.12"]
[Round "5"]
[White "Johnson, David"]
[Black "Rønbeck, Bjørn"]
[Result "1/2-1/2"]
[WhiteElo "1452"]
[BlackElo "1130"]
[Annotator "Lea, Per"]
[PlyCount "132"]
[EventDate "2017.08.31"]

1. e4 c5 2. Nc3 d6 3. Nf3 Nc6 4. Bb5 ({De fleste spiller} 4. d4 {her, med
overgang til "vanlige" varianter. Men når hvit først spiller lukket siciliansk,
så er det vel så logisk med teksttrekket, som også er en god nummer to i
popularitet på ChessBase.}) 4... Bd7 5. O-O a6 6. Bxc6 {Mer eller mindre
tvunget, selv om løperparet går fløyten. Å trekke løperen tilbake til e2, d3
eller c4 vil være å innrømme tempotap, og på a4 blir den låst inne.} Bxc6 7. d3
(7. d4 {er den eneste hvit kan beholde sin - riktig nok minimale - fordel, men
en spiller som insisterer på lukket siciliansk vil ofte unngå sånne trekk.
Stillingen kan også oppstå i varianter hvor hvit spiller løperen til b5 i 3.
trekk, en variant som har oppnådd en viss rennesanse i det siste.}) 7... h6 8.
Bf4 ({Stockfish anbefaler} 8. d4 {selv om det virker litt rart ut i fra 7. d3.
Men svarts siste trekk var vel også et tempotap, så 8. d4 er ikke så ulogisk
allikevel. Men som sagt: den som spiller lukket siciliansk, liker ikke d4 av
prinsipp...}) 8... e5 9. Bg3 Nf6 10. Qe2 Be7 11. Rad1 Nh5 12. Nd5 Bxd5 13. exd5
Nxg3 14. fxg3 {Et godt eksempel et unntak fra regelen: "slå inn mot sentrum".
Her får hvit en halvåpen tårnlinje med de mulighetene det innebærer.} O-O 15.
Nd2 b5 16. Qe1 Qb6 17. Kh1 {Nå begynner svart å få et visst initiativ} Qb7 18.
c4 f5 19. Nb3 Bd8 {Litt vanskelig å se planen bak dette trekket.} ({Selv om
det løser opp hvits dobbeltbonde, er} 19... bxc4 20. dxc4 a5 21. Nxa5 Qxb2 {en
bedre plan}) 20. Rf3 b4 21. Qf1 Qd7 22. Rd2 a5 23. Rdf2 g6 24. Nc1 Bf6 25. h4
h5 {Stillingen er ganske lukket, og med alle 16 bøndene fremdeles på brettet.
Men det er mulig svart har litt større bevegelsesfrihet, og Stockfish gir da
også en vurdering på ca -1.} 26. Qe2 f4 27. Rf1 Qg4 28. gxf4 Qxh4+ 29. Rh3 Qg4
30. Qxg4 hxg4 31. Rg3 exf4 32. Rxg4 Kg7 $1 {Et originalt angrepstrekk. Svart
kan skape trøbbel i h-linja.} 33. Rgxf4 Rh8+ ({Et annet alternativ var å gå
inn i et vunnet sluttspill med} 33... Bxb2 34. Rxf8 Rxf8 35. Rxf8 Kxf8 36. Nb3
a4 37. Na5 b3 38. Nxb3 (38. axb3 a3 39. b4 cxb4) 38... axb3 39. axb3 Ke7) 34.
Kg1 Bd4+ $2 {Kaster bort vinsten} (34... Bxb2 {skal fremdeles holde til gevinst
}) 35. Rxd4 $1 {Tvungent - men godt!} cxd4 36. Nb3 Rh4 37. Re1 a4 38. Nd2 Rah8
39. Re7+ Kf8 40. Re6 {Tårnet i a- eller b-linja er en relativt sikker vei til
remis} Rh1+ 41. Kf2 Kf7 42. Rxd6 R8h2 $2 (42... Rd1 {med motangrep er det
eneste som fungerer. Nå har hvit vinststilling.}) 43. Nf3 {Her skal det ikke
angripes materiell!} ({Etter det enkle} 43. c5 {er svart forsvarsløs i lengden.
}) 43... Rh5 44. Ra6 Rb1 45. Rxa4 $2 {Kaster bort mesteparten av fordelen} (45.
g4 $1 Rhh1 46. Kg3 Rxb2 47. Ne5+ Kg7 (47... Ke7 48. d6+ Ke6 (48... Kd8 49. Ra8#
) 49. d7+ Kxe5 50. d8=Q) 48. Rxg6+ Kh7 (48... Kf8 49. Rf6+ Kg7 50. Rf7+ Kg8 51.
d6) 49. d6) 45... Rxb2+ 46. Kg3 b3 $4 (46... Ke7 47. Ra7+ Kd6 48. Ra6+ Kd7 49.
a4 {med liten fordel for hvit}) 47. axb3 Rxb3 48. Nxd4 (48. Kf4 Rf5+ 49. Ke4
Rb6 50. Ne5+ Kg7 51. Ra7+ Kh6 52. c5 Rb8 53. d6 {med vinststilling for hvit})
48... Rxd3+ 49. Nf3 Kf6 {Gir hvit fordel nok en gang} (49... Rf5 50. Ra7+ Kf8
51. Ra6 Rc3 52. Rc6 $11) 50. Ra6+ Kf5 51. Ra8 Kf6 52. Kf2 {Nå skal svart lett
greie remis} (52. Kf4 Rf5+ 53. Ke4 Rc3 54. Ra6+ Kf7 55. Ne5+ {og svart har
ikke noe bedre enn} Rxe5+ (55... Kg7 $4 56. Rxg6+ Kf8 57. Kxf5)) 52... Rc3 53.
Ra6+ Kg7 54. Ra7+ Kh6 $4 (54... Kf6 {holder remis}) 55. d6 $4 {Motbukk.} (55.
g4 $1 Rh1 56. g5+ Kh5 57. Rh7+ Kg4 58. Rxh1 Rxf3+ 59. Ke2 Rc3 60. d6 Rxc4 61.
d7 Rd4 62. Rd1 {1-0}) 55... Rxc4 56. d7 Rd5 57. Ne5 Rc2+ 58. Kg3 Rcd2 59. Nf7+
Kh5 60. d8=Q Rxd8 61. Nxd8 Rxd8 62. Ra5+ g5 63. Ra3 Rf8 64. Ra6 Rf4 65. Ra5
Rg4+ 66. Kf3 Rf4+ 1/2-1/2

[Event "Høstturneringen 2017"]
[Site "Ås, Akershus NOR"]
[Date "2017.11.30"]
[Round "5"]
[White "Midtgard, Anders"]
[Black "Furnes, Torstein"]
[Result "1-0"]
[WhiteElo "1185"]
[BlackElo "1583"]
[PlyCount "41"]
[EventDate "2017.??.??"]
[SourceDate "2017.12.01"]

1. e4 c5 2. Nc3 Nc6 3. f4 d6 4. Nf3 Nf6 5. Bb5 a6 6. Bxc6+ bxc6 7. O-O g6 8. d3
Bg7 9. Qe1 O-O 10. f5 gxf5 11. Qh4 fxe4 12. dxe4 Bg4 13. Bh6 Bh5 14. Qg5 Bg6
15. Nh4 Bxh6 16. Qxh6 Ng4 17. Qg5 Ne5 18. Nf5 e6 $4 $18 (18... f6 $15) 19. Ne7+
Kg7 20. Qf6+ Kh6 21. Rf4 1-0